Statistics for Угадай Город По Фото

Click here to take the quiz!

General Stats

  • This quiz has been taken 1 280 times
  • The average score is 9 of 16

Answer Stats

Answer% Correct
Лондон
97%
Нью-Йорк
93%
Санкт-Петербург
89%
Париж
84%
Москва
82%
Рим
79%
Берлин
63%
Рио-де-Жанейро
58%
Каир
58%
Лос-Анджелес
52%
Стамбул
51%
Астана
40%
Копенгаген
27%
Будапешт
23%
Гонконг
22%
Агра
13%

Score Distribution

Percentile by Number Answered

Percent of People with Each Score

Your Score History

You have not taken this quiz